000 00771cam a22002651 4500
001 sa 65003995
003 DLC
005 20260227112127.0
008 840921s1964 io 000 0 eng
010 _asa 65003995
025 _aPL480:Indo-1936
035 _a(OCoLC)11180223
040 _aDLC
_cAMAU
_dWU
_dDLC
041 1 _aeng
_hind
042 _apremarc
043 _aa-io---
045 _ax4x4
050 0 0 _aDS644
_b.N3413
100 1 _aNasution, Abdul Haris,
_d1918-2000.
245 1 0 _aTo safeguard the banner of revolution
_c[by] A. H. Nasution.
260 _aDjakarta,
_bC.V. Delegasi,
_c1964.
300 _a150 p.
_c20 cm.
500 _aEnglish translation of Mengamankan pandji-pandji revolusi.
651 0 _aIndonesia
_xHistory
_zRevolution, 1945-1949.
999 _c63483
_d63483